| 000 | 00484nac a22001451u 4500 | ||
|---|---|---|---|
| 008 | 080904s1969 ua||||||r||| 000 0bra d | ||
| 082 |
_a189.092 _bق ا س _222 |
||
| 245 |
_aابن رشد وفلسفته الدينية/ _cمحمود قاسم |
||
| 250 | _aط3 . | ||
| 260 |
_aالقاهرة : _bمكتبة الأنجلو المصرية ، 1969 _c1969. |
||
| 300 |
_a199 ص ; _c24 سم . |
||
| 511 | _aCatalogued by: Sara | ||
| 541 | _aالف باء؛ | ||
| 942 |
_2ddc _cBB |
||
| 999 |
_c7029 _d7029 |
||